01355nam a2200325Ia 4500001001200000003000800012006001900020007001500039008004100054020002600095020001800121040002100139035002100160050002400181100003100205245015600236260006000392300001800452440003500470504004100505533015200546650004900698650003300747655002900780700002700809710003300836710001700869856012600886999001701012ebr10635363CaPaEBRm u cr cn|||||||||121231s2012 dcua sb 000 0 eng d z9781475529593 (ebook) z9781475558180 aCaPaEBRcCaPaEBR a(OCoLC)84309055914aHJ7091b.M66 2012eb1 aMontagnat-Rentier, Gilles.10aCustoms administration reform and modernization in Francophone Sub-Saharan Africah[electronic resource] /cGilles Montagnat-Rentier and Gilles Parent. aWashington, D.C. :bInternational Monetary Fund,c2012. a53 p. :bill. 0aIMF working paper ;vWP/12/259 aIncludes bibliographical references. aElectronic reproduction.bPalo Alto, Calif. :cebrary,d2013.nAvailable via World Wide Web.nAccess may be limited to ebrary affiliated libraries. 0aCustoms administrationzAfrica, Sub-Saharan. 0aTariffzAfrica, Sub-Saharan. 7aElectronic books.2local1 aParent, Gilles,d1948-2 aInternational Monetary Fund.2 aebrary, Inc.40uhttp://site.ebrary.com/lib/rucke/Doc?id=10635363zAn electronic book accessible through the World Wide Web; click to view c46428d46428